000 00940nam a2200277 i 4500
001 41587
003 ES-MaACL
005 20250901105431.0
007 t|
008 140925s2013 sp ||||1| spa d
020 _a978-84-92937-48-6
080 _a339.5
080 _a338.33
100 1 _aChorén Rodríguez, Pilar.
_9153583
245 1 0 _aDiferenciación vertical y sofisticación exportadora en el comercio internacional /
_cPilar Chorén Rodríguez, Marta Solaz Alamá ; dirigido por Francisco Alcalá.
250 _a1ª ed.
260 _aBilbao :
_bFundación BBVA,
_c2013.
300 _a355 p. :
_bgráf. ;
_c24 cm.
504 _aBibliografía: p. 335-340. Índices.
650 0 7 _aComercio exterior
_2embne
_911168
650 4 _aDiferenciación del producto.
_9155605
700 1 _aSolaz Alamá, Marta.
_9152139
700 1 _aAlcalá Agulló, Francisco.
_9153586
852 _aES-MaACL
_jN-6260
999 _c41587
_d41587